00965nam a22002417a 4500003000500000005001700005008004100022010001100063011001100074035001100085040000900096100003300105245019500138260004000333500006000373502007500433650002700508650003700535650003500572650002000607700003200627856006400659CHAP20220329143838.0111214s2011 mx r 00010 spa d a102689 a103661 a114350 cCHAP1 aMéndez Sánchez, Rolando.10aUtilización de compuestos gluconeogénicos en la alimentación previa y posterior al empadre en cabras lecherash[En línea]c/por Rolando Méndez Sánchez y Efraín Ovalle Vázquez aChapingo, Méx. :bEl autor,c2011 aPara ver el contenido del Material haga clic en la liga aTesis (Ing. Agr. Esp. en Zootecnia) -- UACH. Departamento de Zootecnia14aAlimentos balanceados.14aGanado cabríoxAlimentación.14aGanado cabríoxProducción.14aGanado lechero.1 aOvalle Vázquez, Efraín. 3Finding aiduhttp://10.13.5.2/tesis/114350.pdfzTeclea aqui